000 00497nam a22001817a 4500
003 MPLRDC
005 20220104142644.0
008 210129b ||||| |||| 00| 0 eng d
082 _a524.921 DZ v.3
100 _a马来西亚全国华文独中工委会课程局
245 _a文学常识
_c
250 _a一版四刷
260 _a
_b董总
_c1997
300 _b
490 _a高中统考华文参考书系. 3
650 _a中等教育--高中统考华文
942 _cBK
_o524.921 DZ v.3
999 _c32641
_d32631